000 00422nam a2200181Ia 4500
005 20250423100715.0
008 250422s9999 xx 000 0 und d
020 _a9784595468
050 _aHJ 1501 .O43/
100 _aOladapo, B.
245 0 _aPublic finance : acomprehensive view
260 _aNigeria
260 _bOlas Ventures
260 _c2009
300 _a600 p
650 _aPublic finance
942 _cBK
999 _c34117
_d34117